LIBRARY & INFORMATION CENTRE, KCAET, TAVANUR

ONLINE PUBLIC ACCESS CATALOGUE (OPAC)

Normal view MARC view
  • Hudson, Derek .

Entry Personal Name

Number of records used in: 1

001 - CONTROL NUMBER

  • control field: 1820

003 - CONTROL NUMBER IDENTIFIER

  • control field: OSt

005 - DATE AND TIME OF LATEST TRANSACTION

  • control field: 20161017103151.0

008 - FIXED-LENGTH DATA ELEMENTS

  • fixed length control field: 161017|| aca||aabn | a|a d

040 ## - CATALOGING SOURCE

  • Original cataloging agency: OSt
  • Transcribing agency: OSt

100 ## - HEADING--PERSONAL NAME

  • Personal name: Hudson, Derek .

670 ## - SOURCE DATA FOUND

  • Source citation: Work cat.: (OSt)3756: Hudson, Derek ., English Critical Essays: Twentieth Century / , 1958.
free website counter